[Event "20th Dubai Open 2018"]
[Site "Dubai UAE"]
[Date "2018.04.05"]
[Round "4.17"]
[White "Kulkarni, Bhakti"]
[Black "Kovalev, Vladislav"]
[Result "0-1"]
[WhiteTitle "CM"]
[BlackTitle "GM"]
[WhiteElo "2317"]
[BlackElo "2648"]
[WhiteFideId "5019516"]
[BlackFideId "13504398"]
[EventDate "2018.04.02"]

1. d4 Nf6 2. c4 g6 3. Nc3 Bg7 4. e4 d6 5. Be2 O-O 6. Be3 Na6 7. g4 c5 8. d5 e6
9. g5 Nh5 10. Bxh5 gxh5 11. Qxh5 Nb4 12. Qd1 exd5 13. cxd5 c4 14. Rb1 Nd3+ 15.
Kd2 b5 16. a3 a5 17. Nxb5 Nxb2 18. Qc2 c3+ 19. Ke1 Nc4 20. Bc1 f5 21. Ne2 fxe4
22. Nbxc3 Ne5 23. Nxe4 Ba6 24. Rb3 Rc8 25. Qb1 a4 26. Rg3 Qa5+ 27. Bd2 Qxd5 28.
N2c3 Rxc3 29. Bxc3 Nd3+ 0-1

[Event "20th Dubai Open 2018"]
[Site "Dubai UAE"]
[Date "2018.04.05"]
[Round "4.18"]
[White "Efimenko, Zahar"]
[Black "Sadhwani, Raunak"]
[Result "1-0"]
[WhiteTitle "GM"]
[BlackTitle "FM"]
[WhiteElo "2634"]
[BlackElo "2358"]
[WhiteFideId "14107201"]
[BlackFideId "35093487"]
[EventDate "2018.04.02"]

1. e4 c6 2. d4 d5 3. exd5 cxd5 4. Nf3 Nf6 5. Ne5 e6 6. Bb5+ Bd7 7. Nxd7 Nbxd7 8.
c3 a6 9. Bd3 Bd6 10. Nd2 Qc7 11. g3 e5 12. dxe5 Nxe5 13. Nf3 Nxd3+ 14. Qxd3 Qc4
15. Qe2+ Ne4 16. Be3 O-O-O 17. Nd4 Bc5 18. Rd1 Qxe2+ 19. Kxe2 Rhe8 20. Rhe1 Nd6
21. Kf1 Nc4 22. Bc1 Rxe1+ 23. Kxe1 Ne5 24. Kf1 Bxd4 25. Rxd4 Nc6 26. Rf4 d4 27.
Bd2 dxc3 28. Bxc3 f6 29. h4 Rd7 30. h5 h6 31. Kg2 Kd8 32. Re4 Rd5 33. g4 Kd7 34.
Kg3 Nd8 35. f4 Ne6 36. Re3 Rd1 37. f5 Ng5 38. Kf2 Nf7 39. Ke2 Rd5 40. a3 b6 41.
Re4 a5 42. a4 Ng5 43. Re3 Nf7 44. Re6 Rd6 45. Re4 Rd5 46. b3 Ng5 47. Re3 Nf7 48.
Bb2 Nd6 49. Ba3 Rd4 50. Rd3 Rxd3 51. Kxd3 Kc6 52. Kd4 Kd7 53. Kd5 Nf7 54. Bb2
Nd6 55. Bc1 Nc8 56. Ba3 1-0

[Event "20th Dubai Open 2018"]
[Site "Dubai UAE"]
[Date "2018.04.05"]
[Round "4.19"]
[White "Risting, Eivind Olav"]
[Black "Oleksiyenko, Mykhaylo"]
[Result "0-1"]
[WhiteTitle "FM"]
[BlackTitle "GM"]
[WhiteElo "2303"]
[BlackElo "2621"]
[WhiteFideId "1517333"]
[BlackFideId "4152417"]
[EventDate "2018.04.02"]

1. d4 Nf6 2. c4 e6 3. Nc3 Bb4 4. Qc2 O-O 5. Nf3 d6 6. Bd2 b6 7. e4 c5 8. a3 Bxc3
9. Bxc3 cxd4 10. Nxd4 e5 11. Nf3 Nbd7 12. Nd2 Nc5 13. Be2 Bd7 14. O-O Bc6 15. f3
Nh5 16. Rf2 Qg5 17. b4 Ne6 18. Nf1 Nhf4 19. Kh1 f5 20. exf5 Rxf5 21. Rd1 Rf6 22.
Qd2 Raf8 23. Ne3 Rg6 24. Nd5 Qh4 25. g3 Rxg3 26. Ne7+ Qxe7 27. hxg3 Nxe2 28.
Qxe2 Ng5 29. Rd5 Qe6 30. f4 Bxd5+ 31. cxd5 Qxd5+ 32. Kh2 Ne4 33. Rf3 exf4 34.
gxf4 Qh5+ 0-1

[Event "20th Dubai Open 2018"]
[Site "Dubai UAE"]
[Date "2018.04.05"]
[Round "4.20"]
[White "Kozelov, Roman"]
[Black "Maghsoodloo, Parham"]
[Result "0-1"]
[BlackTitle "GM"]
[WhiteElo "2267"]
[BlackElo "2615"]
[WhiteFideId "14133377"]
[BlackFideId "12539929"]
[EventDate "2018.04.02"]

1. e4 g6 2. d4 Bg7 3. f4 d6 4. Nf3 a6 5. c3 Nd7 6. Bc4 e6 7. O-O Ne7 8. f5 gxf5
9. exf5 Nxf5 10. Ng5 Nf6 11. Rxf5 exf5 12. Nxf7 Qe7 13. Nxh8 Bxh8 14. Bg5 Bd7
15. Nd2 O-O-O 16. Qf3 Kb8 17. Nb3 Re8 18. Na5 c6 19. Bd3 Qe6 20. Bxf6 Bxf6 21.
Nc4 Kc7 22. Rf1 Rf8 23. b3 Bg5 24. Qg3 Qh6 25. Qf3 Be6 26. Re1 Bd5 27. Qf2 f4
28. Qc2 f3 29. gxf3 Rg8 30. Kf1 Qh3+ 31. Qg2 Qxg2+ 32. Kxg2 Bd2+ 33. Kf1 Bxe1
34. Kxe1 Rg2 35. Bxh7 Rxh2 36. Be4 Bxc4 37. bxc4 Rxa2 38. f4 Kd7 39. Bf5+ Ke7
40. Bc8 b6 41. Kd1 c5 42. dxc5 bxc5 43. f5 a5 44. Kc1 Kf6 45. Kb1 Rf2 46. Ka1
Ke5 47. Bb7 Kxf5 0-1

[Event "20th Dubai Open 2018"]
[Site "Dubai UAE"]
[Date "2018.04.05"]
[Round "4.21"]
[White "Flores, Diego"]
[Black "Urazayev, Arystanbek"]
[Result "1-0"]
[WhiteTitle "GM"]
[BlackTitle "CM"]
[WhiteElo "2601"]
[BlackElo "2331"]
[WhiteFideId "108049"]
[BlackFideId "13709810"]
[EventDate "2018.04.02"]

1. Nf3 Nf6 2. g3 g6 3. b3 Bg7 4. Bb2 O-O 5. Bg2 d6 6. d4 c5 7. c4 d5 8. O-O dxc4
9. dxc5 Qxd1 10. Rxd1 Na6 11. Nbd2 Nxc5 12. Nxc4 Be6 13. Rac1 Rfd8 14. Nd4 Bd5
15. Ba3 Bxg2 16. Bxc5 Bh3 17. Bxe7 Rd7 18. Bxf6 Bxf6 19. Nb5 Re8 20. e3 Rxd1+
21. Rxd1 Bg4 22. Rd2 a6 23. Nc7 Rc8 24. Nd5 Bd8 25. Kg2 b5 26. Nd6 Rb8 27. e4
Be6 28. Nf4 Bg5 29. h4 Bxf4 30. gxf4 Kg7 31. Rc2 a5 32. Kf3 a4 33. b4 a3 34. Ke3
Kf6 35. e5+ Ke7 36. Rc7+ Kf8 37. Ra7 Bxa2 38. Rxa3 Be6 39. Ra7 Kg7 40. h5 Kf8
41. h6 1-0

[Event "20th Dubai Open 2018"]
[Site "Dubai UAE"]
[Date "2018.04.05"]
[Round "4.22"]
[White "Pantsulaia, Levan"]
[Black "Saravana, Krishnan P."]
[Result "0-1"]
[WhiteTitle "GM"]
[WhiteElo "2592"]
[BlackElo "2312"]
[WhiteFideId "13602071"]
[BlackFideId "5018382"]
[EventDate "2018.04.02"]

1. Nf3 d5 2. c4 dxc4 3. Na3 g6 4. Nxc4 Bg7 5. d4 Nf6 6. g3 c5 7. Bg2 Nc6 8. Be3
Nd5 9. dxc5 Nxe3 10. Qxd8+ Nxd8 11. fxe3 Be6 12. Rc1 Rc8 13. b4 b5 14. Na5 Bb2
15. Kf2 Bxc1 16. Rxc1 Bd5 17. Rd1 Ba8 18. Rd3 f6 19. Bh3 f5 20. Ra3 Rf8 21. Nd4
a6 22. Nab3 Rf6 23. Na5 g5 24. Bg2 Bxg2 25. Kxg2 g4 26. e4 fxe4 27. Re3 e5 28.
Rxe4 Nf7 29. Ndb3 h5 30. Nc1 Kd7 31. Nd3 Rf5 32. Nb3 Rf8 33. Nd2 Kc7 34. h4
gxh3+ 35. Kh1 Kc6 36. Rh4 Rd8 37. Kh2 0-1

[Event "20th Dubai Open 2018"]
[Site "Dubai UAE"]
[Date "2018.04.05"]
[Round "4.23"]
[White "Debashis, Das"]
[Black "Hejazipour, Mitra"]
[Result "1-0"]
[WhiteTitle "GM"]
[BlackTitle "WGM"]
[WhiteElo "2518"]
[BlackElo "2304"]
[WhiteFideId "5024854"]
[BlackFideId "12505951"]
[EventDate "2018.04.02"]

1. d4 Nf6 2. c4 e6 3. Nc3 Bb4 4. e3 O-O 5. Bd3 d5 6. a3 Bxc3+ 7. bxc3 c5 8. cxd5
exd5 9. Ne2 b6 10. O-O Ba6 11. f3 Re8 12. Ng3 h5 13. e4 Bxd3 14. Qxd3 h4 15. Nf5
h3 16. Bg5 cxd4 17. cxd4 dxe4 18. fxe4 Nbd7 19. Rf4 Ne5 20. Qxh3 Ng6 21. Raf1
Rc8 22. R4f2 Rxe4 23. Nxg7 1-0

[Event "20th Dubai Open 2018"]
[Site "Dubai UAE"]
[Date "2018.04.05"]
[Round "4.24"]
[White "Gagare, Shardul"]
[Black "Sekar, B"]
[Result "1-0"]
[WhiteTitle "GM"]
[WhiteElo "2502"]
[BlackElo "2298"]
[WhiteFideId "5037883"]
[BlackFideId "5043743"]
[EventDate "2018.04.02"]

1. c4 Nf6 2. Nc3 e5 3. a3 Nc6 4. g3 d5 5. cxd5 Nxd5 6. Bg2 Be6 7. Nf3 Be7 8. O-O
O-O 9. d3 Qd7 10. Bd2 f6 11. b4 a5 12. b5 Nd4 13. a4 c6 14. bxc6 bxc6 15. Rb1
Nb4 16. Be3 Rac8 17. Nd2 Rfd8 18. Rb2 Kf8 19. Qb1 c5 20. Nc4 Qa7 21. Rc1 Qa6 22.
h4 Kg8 23. Kh2 Bf8 24. Ne4 Bd7 25. Qa1 Be6 26. Rc3 Qa7 27. Qf1 h6 28. Rc1 Be7
29. Nc3 Qa6 30. Bh3 Bxh3 31. Qxh3 Ra8 32. h5 Qe6 33. Qxe6+ Nxe6 34. g4 Kf7 35.
Ne4 Nd4 36. Ng3 Ra6 37. Kg2 Rd7 38. Nd2 Rd5 39. Rc4 Ne6 40. Rb1 Nd4 41. Nde4 Ne6
42. Nc3 Rd7 43. Rc1 Nd4 44. Nce4 Ra8 45. Nxc5 Bxc5 46. Rxc5 Ke6 47. R1c4 Nb3 48.
Rb5 Ra6 49. Nf5 1-0

[Event "20th Dubai Open 2018"]
[Site "Dubai UAE"]
[Date "2018.04.05"]
[Round "4.25"]
[White "Sharma, Dinesh K."]
[Black "Karthikeyan, P."]
[Result "1/2-1/2"]
[WhiteTitle "IM"]
[BlackTitle "IM"]
[WhiteElo "2261"]
[BlackElo "2481"]
[WhiteFideId "5004110"]
[BlackFideId "5018226"]
[EventDate "2018.04.02"]

1. e4 e6 2. d4 d5 3. Nc3 Bb4 4. e5 c5 5. a3 Bxc3+ 6. bxc3 Ne7 7. Qg4 cxd4 8. Bd3
Qa5 9. Ne2 Nbc6 10. f4 dxc3 11. O-O b6 12. Qxg7 Rg8 13. Qxh7 Ba6 14. Bxa6 Qxa6
15. Nxc3 Nd4 16. Bd2 Rc8 17. Kh1 Ndf5 18. Qh3 Kd7 19. Qd3 Qc4 20. Rf2 Nd4 21.
Rg1 Qxd3 22. cxd3 Rg3 23. Ne2 Nxe2 24. Rxe2 Rxd3 25. Bb4 Rc4 26. g3 Nc6 27. Bd6
Nd4 28. Rb2 Nf5 29. Bb4 a5 30. Be1 Rxa3 31. Rxb6 Rc2 32. Rb7+ Ke8 33. Rb8+ Ke7
34. g4 Raa2 35. Rh8 Nd4 36. Rf1 Re2 37. Bc3 Nc2 38. Rb1 Nb4 39. f5 exf5 40. gxf5
Rac2 41. Be1 Rxe5 42. Bh4+ Kd7 43. Ra8 Rxf5 44. Rxa5 Rc4 1/2-1/2

[Event "20th Dubai Open 2018"]
[Site "Dubai UAE"]
[Date "2018.04.05"]
[Round "4.26"]
[White "Ranaldi, Lucas"]
[Black "Santiago, Yago De Moura"]
[Result "0-1"]
[WhiteTitle "FM"]
[BlackTitle "GM"]
[WhiteElo "2226"]
[BlackElo "2476"]
[WhiteFideId "1519484"]
[BlackFideId "2103877"]
[EventDate "2018.04.02"]

1. c4 f5 2. g3 Nf6 3. Bg2 e6 4. Nf3 Be7 5. O-O O-O 6. Nc3 d6 7. d3 Qe8 8. e4 e5
9. exf5 Bxf5 10. d4 Nc6 11. d5 Nb4 12. a3 Nd3 13. Nh4 Qd7 14. Nxf5 Qxf5 15. Qc2
Qg6 16. Bd2 Ng4 17. f3 Nf6 18. Be3 a6 19. Rad1 Nf4 20. Qxg6 Nxg6 21. a4 c5 22.
Bh3 Bd8 23. Be6+ Kh8 24. Ne4 Bc7 25. h4 h6 26. Kg2 Rab8 27. Nc3 Ba5 28. Rb1 Rfd8
29. Rh1 Nf8 30. Bf5 N8d7 31. g4 Nb6 32. Bd3 Bxc3 33. bxc3 Nxa4 34. g5 Nh5 35.
gxh6 gxh6 36. Bxh6 b5 37. cxb5 Nxc3 38. Rb3 Nxd5 39. Kf2 axb5 40. Rxb5 Rxb5 41.
Bxb5 Rb8 42. Bd3 Rb2+ 43. Ke1 Ndf4 44. Bxf4 Nxf4 45. Bf5 c4 46. Rg1 c3 47. Kd1
Rd2+ 0-1

[Event "20th Dubai Open 2018"]
[Site "Dubai UAE"]
[Date "2018.04.05"]
[Round "4.27"]
[White "Blagojevic, Tijana"]
[Black "Iniyan, P"]
[Result "0-1"]
[WhiteTitle "WIM"]
[BlackTitle "IM"]
[WhiteElo "2254"]
[BlackElo "2466"]
[WhiteFideId "16500270"]
[BlackFideId "25002767"]
[EventDate "2018.04.02"]

1. e4 c5 2. Nf3 d6 3. Bb5+ Nd7 4. O-O a6 5. Bd3 Ngf6 6. Re1 b5 7. c4 b4 8. Bc2
Bb7 9. d4 cxd4 10. Nxd4 Rc8 11. a3 Rxc4 12. Bb3 Rc8 13. axb4 g6 14. Nc3 Nb6 15.
b5 axb5 16. Ra7 Rb8 17. Qe2 Bg7 18. Ndxb5 O-O 19. Bg5 Nbd7 20. Rea1 h6 21. Bd2
Ne5 22. Kh1 Nc6 23. R7a3 Qd7 24. f4 e5 25. Be3 Rfe8 26. Rd1 Nd4 27. Bxd4 exd4
28. Nxd4 Nxe4 29. Ba4 Nxc3 30. bxc3 Rxe2 31. Bxd7 Bxd4 32. cxd4 Bxg2+ 33. Kg1
Bd5 34. Ra5 Be4 35. d5 Rbb2 36. Ra8+ Kg7 37. Re8 Rg2+ 0-1

[Event "20th Dubai Open 2018"]
[Site "Dubai UAE"]
[Date "2018.04.05"]
[Round "4.28"]
[White "Mohannad, Farhan"]
[Black "Laxman, R.R."]
[Result "1/2-1/2"]
[WhiteTitle "FM"]
[BlackTitle "GM"]
[WhiteElo "2219"]
[BlackElo "2441"]
[WhiteFideId "8100918"]
[BlackFideId "5005361"]
[EventDate "2018.04.02"]

1. d4 Nf6 2. c4 e6 3. Nf3 b6 4. g3 Ba6 5. Qa4 c6 6. Nc3 d5 7. cxd5 b5 8. Qb3
exd5 9. a3 Bd6 10. Bg2 O-O 11. O-O Nbd7 12. Re1 Nb6 13. Bf4 Bxf4 14. gxf4 Nc4
15. e3 Bc8 16. Qc2 Nd6 17. Ne5 Bf5 18. Qc1 Rc8 19. Ne2 Qb6 20. Ng3 c5 21. Nxf5
Nxf5 22. dxc5 Rxc5 23. Qd2 Nh4 24. Rac1 Nxg2 25. Kxg2 Rfc8 26. Rxc5 Qxc5 27. Nd3
Qb6 28. Rc1 Rc4 29. Ne5 Rc7 30. Rc3 h6 31. Qc2 Ne8 32. Rxc7 Qxc7 33. Qxc7 Nxc7
34. Kf3 a6 35. Ke2 f6 36. Nc6 Kf7 37. Kd3 Ke6 38. Nd4+ Kd7 39. b4 g6 40. Nf3 Ke6
41. h3 g5 42. Nd4+ Kf7 43. fxg5 fxg5 44. Ne2 Ke6 45. Nd4+ Ke5 46. Nf3+ Kd6 47.
Nd4 h5 48. f3 Ke5 49. Nc6+ Kd6 50. Nd4 Ne8 51. Nb3 Nc7 52. Nd4 Na8 53. Nb3 Nb6
54. Nc5 Nc4 55. Nxa6 Nxa3 56. Nc5 Nc4 57. Ke2 Ne5 58. Nb7+ Ke6 59. Nc5+ Kd6 60.
Nb7+ Ke7 61. Nc5 Nc6 62. Nd3 Kf6 63. Kf2 Ne5 64. Nc5 Kf5 65. Kg3 d4 66. exd4 Nc6
67. d5 Nxb4 68. d6 Nc6 69. d7 b4 70. h4 Nd8 71. hxg5 Kxg5 72. f4+ Kf5 73. Kh4
Kg6 74. Nb3 Kf5 75. Nc5 Kxf4 76. Nd3+ 1/2-1/2

[Event "20th Dubai Open 2018"]
[Site "Dubai UAE"]
[Date "2018.04.05"]
[Round "4.29"]
[White "Haria, Ravi"]
[Black "Dhulipalla, Bala Chandra Prasad"]
[Result "1-0"]
[WhiteTitle "IM"]
[BlackTitle "IM"]
[WhiteElo "2441"]
[BlackElo "2294"]
[WhiteFideId "415820"]
[BlackFideId "25005812"]
[EventDate "2018.04.02"]

1. e4 e5 2. Nf3 Nc6 3. Bc4 Nf6 4. d3 h6 5. O-O d6 6. c3 g5 7. b4 Bg7 8. Nbd2 O-O
9. Bb3 a6 10. Nc4 Be6 11. Ne3 d5 12. Qc2 b5 13. Rd1 d4 14. cxd4 Nxd4 15. Nxd4
exd4 16. Nf1 Qd6 17. Bd2 Nd7 18. Rac1 Rac8 19. Ng3 Be5 20. Qc6 Rb8 21. Qxd6 Bxd6
22. Ne2 c5 23. bxc5 Bxc5 24. f4 Bg4 25. Kf1 Kg7 26. h3 Bxe2+ 27. Kxe2 Kg6 28.
Rf1 Bd6 29. Rc6 Rb6 30. Rfc1 f6 31. Rxb6 Nxb6 32. Rc6 Nc8 33. Be6 1-0

[Event "20th Dubai Open 2018"]
[Site "Dubai UAE"]
[Date "2018.04.05"]
[Round "4.30"]
[White "Viani, Antonio Dcunha"]
[Black "Srija, Seshadri"]
[Result "1/2-1/2"]
[WhiteTitle "IM"]
[BlackTitle "WIM"]
[WhiteElo "2435"]
[BlackElo "2264"]
[WhiteFideId "5027330"]
[BlackFideId "5055903"]
[EventDate "2018.04.02"]

1. e4 e5 2. Nf3 Nc6 3. Bc4 Nf6 4. d3 Bc5 5. Bb3 O-O 6. Nbd2 d6 7. c3 a5 8. O-O
h6 9. h3 Be6 10. Re1 Qb8 11. Nf1 Qa7 12. Be3 Bxe3 13. Nxe3 a4 14. Bc2 Ne7 15. d4
Ng6 16. c4 Rfd8 17. b4 c6 18. d5 Bd7 19. a3 b5 20. Bd3 Nf4 21. Rc1 bxc4 22. Bxc4
Nxe4 23. dxc6 Bxc6 24. Bxf7+ Qxf7 25. Rxc6 Rac8 26. b5 Nc3 27. Rxc8 Rxc8 28.
Qxd6 Nxb5 29. Qxe5 Nxa3 30. Qe4 Nc4 31. Nf5 Ng6 32. h4 Rc5 33. N3d4 Re5 34. Qa8+
Qf8 35. Qxf8+ Nxf8 36. Rc1 Nd2 37. Rc7 Ne6 38. Nxe6 Rxf5 39. Rxg7+ Kh8 40. Ra7
Re5 41. Nd8 Re1+ 42. Kh2 Ra1 43. Nc6 a3 44. Nb4 Nc4 45. Rc7 Ne5 46. Rc5 Rb1 47.
Rxe5 Rxb4 48. Ra5 Rb2 49. f4 a2 50. h5 Kg7 51. Kh3 Kf6 52. g4 Rb3+ 53. Kh4 Rb4
54. Rxa2 Rxf4 55. Ra7 Ke5 56. Re7+ Kd6 57. Rh7 Rf6 58. g5 Rf4+ 59. Kg3 hxg5 60.
Rg7 Ke6 61. Rxg5 Rf1 62. Ra5 Kf6 63. Rd5 Kg7 64. Rd6 Rg1+ 65. Kf4 Rf1+ 66. Kg5
Rg1+ 1/2-1/2

[Event "20th Dubai Open 2018"]
[Site "Dubai UAE"]
[Date "2018.04.05"]
[Round "4.31"]
[White "Tahbaz, Arash"]
[Black "Nyazi, Nehad"]
[Result "1-0"]
[WhiteTitle "IM"]
[WhiteElo "2434"]
[BlackElo "2213"]
[WhiteFideId "12528846"]
[BlackFideId "10601988"]
[EventDate "2018.04.02"]

1. d4 Nf6 2. c4 g6 3. Nc3 Bg7 4. e4 d6 5. Be2 O-O 6. Be3 Nc6 7. d5 Ne5 8. h3 e6
9. f4 Ned7 10. dxe6 fxe6 11. g4 Qe7 12. Qd2 b5 13. cxb5 a6 14. g5 Nh5 15. Bxh5
gxh5 16. f5 Bb7 17. f6 Nxf6 18. gxf6 Qxf6 19. Nge2 axb5 20. Rg1 b4 21. Nd1 Bxe4
22. Bg5 Qe5 23. Bh6 Bg6 24. Bxg7 Kxg7 25. Qxb4 Rf6 26. Qb7 Raf8 27. Qxc7+ R8f7
28. Qc3 Qe4 29. Qd4 Qf3 30. Qxd6 Qxh3 31. Rc1 Qh4+ 32. Qg3 Qb4+ 33. Rc3 e5 34.
a3 Qa5 35. Ne3 Rf3 36. Nc4 Qxc3+ 37. Nxc3 Rxg3 38. Rxg3 e4 39. Ne5 Re7 40. Nxg6
hxg6 41. b4 Kh6 42. Re3 Kg5 43. b5 h4 44. Rxe4 Rh7 45. Kf2 Kf5 46. Rb4 g5 47. b6
h3 48. b7 h2 49. Ne2 1-0

[Event "20th Dubai Open 2018"]
[Site "Dubai UAE"]
[Date "2018.04.05"]
[Round "4.32"]
[White "Harsha, Bharathakoti"]
[Black "Zhu, Yilun"]
[Result "1-0"]
[WhiteTitle "IM"]
[WhiteElo "2424"]
[BlackElo "2195"]
[WhiteFideId "5078776"]
[BlackFideId "8609292"]
[EventDate "2018.04.02"]

1. d4 Nf6 2. c4 e6 3. Nf3 d5 4. g3 Be7 5. Bg2 O-O 6. O-O dxc4 7. Qc2 c6 8. Qxc4
b5 9. Qc2 Bb7 10. Rd1 Nbd7 11. Bg5 Qc7 12. Nc3 b4 13. Na4 c5 14. Rac1 Rac8 15.
dxc5 Nxc5 16. Be3 Na6 17. Qxc7 Rxc7 18. Rxc7 Nxc7 19. Bxa7 Ra8 20. Bc5 Bxc5 21.
Nxc5 Bd5 22. Ne5 Bxg2 23. Kxg2 Rxa2 24. Rd8+ Nfe8 25. Rb8 Ra5 26. Ned3 g5 27.
Rxb4 Kg7 28. Rb7 Kg6 29. e4 Ra1 30. b4 Rb1 31. Kf3 h5 32. h3 Kf6 33. Ke2 h4 34.
gxh4 gxh4 35. Kd2 Rh1 36. b5 Nxb5 37. Rxb5 Rxh3 38. Rb1 Rh2 39. Ke2 Ng7 40. Kf3
Kg5 41. Rg1+ Kh6 42. Ne5 f5 43. Nf7+ Kh7 44. Ng5+ Kh6 45. e5 h3 46. Ncxe6 Rg2
47. Rxg2 1-0

[Event "20th Dubai Open 2018"]
[Site "Dubai UAE"]
[Date "2018.04.05"]
[Round "4.33"]
[White "Christenson, Flemming"]
[Black "Khademalsharieh, Sarasadat"]
[Result "0-1"]
[WhiteTitle "FM"]
[BlackTitle "IM"]
[WhiteElo "2190"]
[BlackElo "2424"]
[WhiteFideId "1501925"]
[BlackFideId "12512214"]
[EventDate "2018.04.02"]

1. d4 Nf6 2. Bf4 d5 3. e3 c5 4. c3 Nc6 5. Nd2 Bf5 6. Qb3 Qd7 7. Ngf3 c4 8. Qd1
e6 9. Be2 h6 10. Ne5 Nxe5 11. Bxe5 Be7 12. O-O O-O 13. Bxf6 Bxf6 14. e4 Bh7 15.
e5 Be7 16. f4 b5 17. Qc1 a5 18. Bd1 b4 19. Bc2 Bxc2 20. Qxc2 Rab8 21. Nf3 Rb6
22. Rab1 Rfb8 23. Nd2 Qb7 24. Qa4 Qc6 25. Qc2 a4 26. h3 Qd7 27. Kh2 Qa7 28. f5
exf5 29. Qxf5 Bf8 30. Qf3 Qd7 31. Qe3 Qe6 32. Ra1 Be7 33. Nf3 Ra8 34. Rf2 a3 35.
b3 cxb3 36. axb3 bxc3 37. Qxc3 Rab8 38. Nd2 Bb4 39. Qc1 Rc6 40. Qb1 Rbc8 0-1

[Event "20th Dubai Open 2018"]
[Site "Dubai UAE"]
[Date "2018.04.05"]
[Round "4.34"]
[White "Dimakiling, Oliver"]
[Black "Senthil, Maran K"]
[Result "1-0"]
[WhiteTitle "IM"]
[WhiteElo "2412"]
[BlackElo "2178"]
[WhiteFideId "5202248"]
[BlackFideId "25035681"]
[EventDate "2018.04.02"]

1. Nf3 d5 2. e3 Nf6 3. b4 c6 4. c4 Bg4 5. cxd5 cxd5 6. Bb2 Bxf3 7. gxf3 e6 8.
Rg1 Nbd7 9. Nc3 g6 10. Qb3 Rc8 11. f4 Bg7 12. Nb5 O-O 13. Nxa7 Ra8 14. Nb5 Ne4
15. Bxg7 Kxg7 16. Qb2+ Kg8 17. d3 Nef6 18. a4 Qe7 19. Be2 Nb8 20. Nd4 Nc6 21.
Nc2 Nd7 22. Bf3 e5 23. fxe5 Ncxe5 24. Be2 f5 25. Qb3 Nf6 26. Rg3 Kh8 27. Kf1 f4
28. exf4 Ned7 29. Qb2 Qd6 30. Qd4 Qb6 31. a5 Qxd4 32. Nxd4 Ne8 33. Ne6 Rf6 34.
Re3 Nd6 35. Nc7 Rd8 36. Nxd5 Rf5 37. Bf3 Nf6 38. Re5 Nxd5 39. Rxd5 Rxf4 40. Be4
Rf6 41. b5 Rc8 42. Ra2 Nxe4 43. dxe4 Rf7 44. e5 Kg7 45. Ke2 Rfc7 46. Rad2 Kf7
47. f4 Ke6 48. Kf3 Kf5 49. Rd7 Rxd7 50. Rxd7 Rc3+ 51. Ke2 Ra3 52. Rf7+ Ke6 53.
Rxb7 Rxa5 54. Kf3 Kf5 55. Rf7+ Ke6 56. Rxh7 Rxb5 57. Rg7 Rb2 58. Rxg6+ Kf7 59.
Rf6+ Kg7 60. h4 1-0

[Event "20th Dubai Open 2018"]
[Site "Dubai UAE"]
[Date "2018.04.05"]
[Round "4.36"]
[White "Drljevic, Ljilja"]
[Black "Amin, Bassem"]
[Result "0-1"]
[WhiteTitle "WIM"]
[BlackTitle "GM"]
[WhiteElo "2224"]
[BlackElo "2700"]
[WhiteFideId "928879"]
[BlackFideId "10601457"]
[EventDate "2018.04.02"]

1. g3 c5 2. Bg2 Nc6 3. e4 g6 4. d3 Bg7 5. f4 d6 6. Nf3 Nf6 7. O-O O-O 8. h3 Rb8
9. Nc3 b5 10. a3 a5 11. g4 b4 12. axb4 axb4 13. Ne2 Bb7 14. Ng3 Ra8 15. Rb1 Nd7
16. Be3 Ra2 17. Qc1 Ba6 18. Rd1 Nd4 19. Bf2 Qa5 20. g5 Rc8 21. h4 Bb5 22. h5 e6
23. hxg6 hxg6 24. f5 Ne5 25. Ne1 exf5 26. exf5 Bc6 27. Bxc6 Rxc6 28. Qf4 Nxf5
29. Nxf5 gxf5 30. Qxf5 Qd8 31. d4 cxd4 32. Bxd4 Ra5 33. Kf2 Rc4 34. c3 Nc6 35.
Qf4 Qd7 36. Nf3 Rf5 37. Qe4 Ne5 38. Rd3 d5 39. Qe2 Nxd3+ 40. Qxd3 b3 41. Rd1
Bxd4+ 42. cxd4 Rc2+ 43. Kg3 Qd6+ 44. Kh3 Rxf3+ 45. Qxf3 Qh2+ 46. Kg4 Rg2+ 47.
Kf5 Rf2 0-1

[Event "20th Dubai Open 2018"]
[Site "Dubai UAE"]
[Date "2018.04.07"]
[Round "5.1"]
[White "Iturrizaga Bonelli, Eduardo"]
[Black "Sethuraman, S.P."]
[Result "1/2-1/2"]
[WhiteTitle "GM"]
[BlackTitle "GM"]
[WhiteElo "2624"]
[BlackElo "2631"]
[WhiteFideId "3901211"]
[BlackFideId "5021596"]
[EventDate "2018.04.02"]

1. d4 Nf6 2. Nf3 d5 3. c4 e6 4. Nc3 c5 5. cxd5 Nxd5 6. e3 cxd4 7. exd4 Nxc3 8.
bxc3 Qc7 9. Bd2 Nd7 10. Bd3 Bd6 11. O-O b6 12. Ng5 Nf6 13. f4 h6 14. Nf3 Bb7 15.
Ne5 O-O 16. Qe2 Rad8 17. Rae1 Rfe8 18. Qf2 a6 19. a4 Nd7 20. h3 f6 21. Ng6 f5
22. g4 Nf6 23. gxf5 exf5 24. Bxf5 Qc6 25. Kh2 Qxa4 26. Ne5 Bc8 27. Bd3 b5 28.
Rg1 Qa2 29. Rg6 Nh5 30. Qg2 Bb7 31. Qf2 Rf8 32. Rg4 Bxe5 33. Rxe5 Nf6 34. Rg1
Rde8 35. f5 Rf7 36. Qe2 Bc6 37. Bxh6 Qxe2+ 38. Bxe2 Kf8 39. Bc1 Nd5 40. Ba3+ b4
41. cxb4 Rxe5 42. dxe5 Bb5 43. Bg4 Rc7 44. Bc1 Nxb4 45. Bg5 Nd3 46. e6 Ne5 47.
Bh5 Rc2+ 48. Kg3 g6 49. fxg6 Kg7 50. Rd1 Rc3+ 51. Kg2 Bc6+ 52. Kh2 Rc2+ 53. Kg3
Rc3+ 54. Kh2 Rc2+ 55. Kg3 Rc3+ 56. Kh2 1/2-1/2

[Event "20th Dubai Open 2018"]
[Site "Dubai UAE"]
[Date "2018.04.07"]
[Round "5.3"]
[White "Ganguly, Surya Shekhar"]
[Black "Gupta, Abhijeet"]
[Result "1-0"]
[WhiteTitle "GM"]
[BlackTitle "GM"]
[WhiteElo "2642"]
[BlackElo "2617"]
[WhiteFideId "5002150"]
[BlackFideId "5010608"]
[EventDate "2018.04.02"]

1. Nf3 Nf6 2. c4 g6 3. Nc3 d5 4. cxd5 Nxd5 5. h4 Bg7 6. e4 Nxc3 7. dxc3 Qxd1+ 8.
Kxd1 Nd7 9. h5 Nc5 10. h6 Bf8 11. e5 Bf5 12. Be3 e6 13. Rh4 Be7 14. Rd4 Rd8 15.
Rxd8+ Kxd8 16. Ng5 Kc8 17. Ke1 Ne4 18. Nxe4 Bxe4 19. f3 Bc6 20. Bd3 Rd8 21. Ke2
a5 22. Rf1 Kd7 23. g4 Ke8 24. f4 Bg2 25. Rd1 Kf8 26. Rd2 b6 27. a3 Kg8 28. Bc2
Rxd2+ 29. Bxd2 f5 30. exf6 Bxf6 31. b4 axb4 32. axb4 Bd5 33. Bd3 e5 34. g5 Bh8
35. c4 Be6 36. Kf3 exf4 37. Bxf4 c6 38. b5 cxb5 39. cxb5 Bc3 40. Be3 Ba5 41. Kf4
Kf7 42. Ke5 Ke7 43. Bxg6 Bc3+ 44. Bd4 Bd2 45. Bxb6 Bxg5 46. Bc5+ Kd7 47. b6 Bc4
48. b7 Bh4 49. Ke4 1-0